[Event "FIDE-Wch k.o."]
[Site "Groningen"]
[Date "1997.12.20"]
[Round "5.1"]
[White "Adams, Michael"]
[Black "Van Wely, Loek"]
[Result "1/2-1/2"]
[WhiteElo "2680"]
[BlackElo "2655"]
[Annotator "ChessBase"]
[PlyCount "104"]
[EventDate "1997.12.09"]
[EventType "k.o."]
[EventRounds "7"]
[EventCountry "NED"]
[SourceTitle "CBM 063"]
[Source "ChessBase"]
[SourceDate "1998.03.26"]
[SourceVersion "1"]
[SourceVersionDate "1998.03.26"]
[SourceQuality "1"]

1. e4 c5 2. Nf3 d6 3. c3 Nf6 4. Be2 g6 5. O-O Bg7 6. Bb5+ Nc6 (6... Bd7 7.
Bxd7+ Qxd7 8. Re1 O-O 9. d4 cxd4 10. cxd4 d5 11. e5 Ne8 12. Nc3 Nc7 13. Be3 Nc6
14. Qd2 Ne6 15. Rad1 Rfe8 16. Bh6 Bh8 17. h4 f6 18. Ne2 Rad8 19. Nf4 fxe5 20.
Nxe5 Nxe5 21. dxe5 d4 22. h5 Bg7 23. Bxg7 Kxg7 24. hxg6 Nxf4 25. Qxf4 Rf8 26.
Qd2 hxg6 27. Re4 Rf5 28. Rxd4 Qxd4 29. Qxd4 Rxd4 30. Rxd4 Rxe5 31. Rd7 {
Kindermann,S-Ernst,T/Thessaloniki olm 1988/TD 88\06/1-0 (41)}) 7. d4 cxd4 8.
cxd4 a6 (8... O-O 9. Nc3 Bg4 10. Be3 Nd7 11. Be2 e5 12. d5 Bxf3 13. dxc6 Bxe2
14. Nxe2 Nf6 15. cxb7 Rb8 16. Nc3 Rxb7 17. b3 Qa5 18. Qd3 Rd8 19. Bg5 Rc8 20.
Bd2 Qb6 21. Rac1 Rbc7 22. Nd5 Nxd5 23. Qxd5 h5 24. Ba5 Rxc1 25. Bxb6 axb6 26.
g3 R1c6 27. a4 Bf8 28. Qb5 Bh6 29. Rb1 Bd2 30. b4 Kg7 31. Kg2 R8c7 32. Qd5 Rc8
{1-0 Torre,E-Gallagher,J/Saint John op-2 1988/CBM 06}) (8... Qb6 9. Na3 a6 10.
Ba4 O-O 11. d5 Na5 12. Qe1 Bd7 13. Bxd7 Nxd7 14. Be3 Qxb2 15. Qxa5 b6 16. Qa4
b5 17. Qa5 Bc3 18. Qc7 Nf6 19. Rac1 Rfc8 20. Qxe7 Qxa3 21. Rxc3 Rxc3 22. Qxf6
Rxe3 23. fxe3 Qxe3+ 24. Kh1 Qxe4 25. Qxd6 Qe2 26. Ra1 Rc8 27. Qxa6 Rc2 28. Rg1
Rxa2 29. Qc8+ Kg7 30. Qc3+ Kg8 31. d6 Qc4 32. Qxc4 bxc4 33. d7 Ra8 34. Ne5 {
1-0 Yudasin,L-Rechlis,G/ISR-chT 1996/EXP 52}) (8... d5 9. e5 Ne4 10. Ne1 f6 11.
f3 Ng5 12. Bxg5 fxg5 13. Nc3 O-O 14. Nc2 Bd7 15. Qd2 e6 16. Kh1 Qb6 17. a4 Rf7
18. Rfc1 Na5 19. Qe3 a6 20. Bxd7 Rxd7 21. b4 Nc6 22. a5 Qd8 23. Na4 Rf7 24. Nc5
Qe7 25. Rf1 Raf8 26. Kg1 Rf5 27. Rab1 Qf7 28. b5 Nxa5 29. bxa6 Nc4 30. Qd3 b6
31. Na4 Qa7 32. Na3 Nxa3 33. Qxa3 {Lutz,C-Lagunow,A/GER-ch 1995/EXP 50/1/2-1/2
(45)}) 9. Be2 d5 10. e5 Ne4 11. Be3 Qb6 12. Nc3 Nxc3 13. bxc3 Na5 14. Qa4+ Bd7
15. Qa3 Qc7 16. Bg5 Bf8 17. Nd2 h6 18. Bh4 e6 19. Qb2 Bg7 20. Rfc1 O-O 21. c4
Nxc4 22. Bxc4 dxc4 23. Nxc4 Bc6 24. f4 b5 25. Nd6 Qb6 26. Rc5 Bd5 27. Be7 Rfb8
28. Rac1 Bf8 29. Bxf8 Rxf8 30. Qd2 Qd8 31. a3 Rb8 32. Rc7 Qh4 33. R7c3 a5 34.
Rh3 Qg4 35. Rg3 Qh5 36. Rh3 Qg4 37. Qf2 b4 38. Rg3 Qh5 39. axb4 axb4 40. Rh3
Qxh3 41. gxh3 b3 (41... Ra8 $142) 42. Rb1 Ra8 43. Qg3 (43. Qe3 Rfb8 44. Ne4
Bxe4 45. Qxe4 b2 {/\ Ra1}) 43... Rfb8 44. Qc3 $2 (44. f5 $1 exf5 45. Nxf5 Be4
46. Ne7+ $1 (46. Nxh6+ $2 Kg7 47. Rf1 b2 48. Rxf7+ Kh8) 46... Kg7 47. Rb2 Ra1+
48. Kf2 Ra2 49. Qc3 Re8 50. Qxb3 Rxb2+ 51. Qxb2 Rxe7 $16) 44... Ra2 45. Nxf7
Rf8 $1 (45... Rc2 $2 46. Qxc2 bxc2 47. Rxb8+ Kxf7 48. Rc8 $18) 46. Rxb3 (46.
Nxh6+ $2 Kh7 47. f5 gxf5 48. Qb4 (48. Qc5 Raa8 49. Qc1 Rfc8 {/\ Rc2, Raa2})
48... Rc8 $17) 46... Rxf7 47. Rb8+ Kg7 48. Qc8 Rg2+ 49. Kf1 Rxf4+ 50. Ke1 Re4+
51. Kf1 Rf4+ 52. Ke1 Re4+ 1/2-1/2

[Event "Interzonal-15"]
[Site "Manila"]
[Date "1990.??.??"]
[Round "4"]
[White "Torre, Eugenio"]
[Black "Shirov, Alexei"]
[Result "1/2-1/2"]
[WhiteElo "2530"]
[BlackElo "2580"]
[Annotator "ChessBase"]
[PlyCount "162"]
[EventDate "1990.06.29"]
[EventType "swiss"]
[EventRounds "13"]
[EventCountry "PHI"]
[SourceTitle "CBM 019"]
[Source "ChessBase"]
[SourceDate "1990.12.01"]
[SourceVersion "1"]
[SourceVersionDate "1990.12.01"]
[SourceQuality "1"]

1. e4 c5 2. Nf3 d6 3. c3 Nf6 4. Be2 g6 5. O-O Bg7 6. Re1 O-O 7. Bf1 Nc6 8. a3
Ne8 9. h3 e5 10. b4 Nc7 11. bxc5 dxc5 12. a4 Kh8 13. Bc4 Be6 14. Na3 Qd7 15.
Ng5 Bxc4 16. Nxc4 Rad8 17. Qg4 Qe7 18. Qh4 h5 19. Nf3 Bf6 20. Qg3 Qe6 21. Ne3
Rd3 22. Qh2 Be7 23. c4 Bd6 24. Ra3 Rxa3 25. Bxa3 Nd4 26. Qg3 f5 27. exf5 gxf5
28. Nxd4 exd4 29. Qg5 Rf6 30. Nf1 Qf7 31. Ng3 Bxg3 32. Qxg3 b6 33. d3 Ne6 34.
Qe5 Kh7 35. Bc1 Rg6 36. Kf1 Kg8 37. Qd5 Kh7 38. Re5 Rf6 39. Bd2 Nf8 40. Qd8 Re6
41. Qd5 Kg6 42. a5 Rxe5 43. Qxe5 Qe6 44. Qg3+ Kf7 45. Qc7+ Qd7 46. axb6 axb6
47. Qxb6 Ne6 48. Qa6 Qc7 49. Qa8 Qh2 50. Ke2 Qe5+ 51. Kf3 f4 52. Qd5 Kf6 53.
Qxe5+ Kxe5 54. h4 Kf5 55. Ba5 Nf8 56. Bd8 $2 {Shirov} (56. Bb6 $1 {Shirov} Ng6
(56... Nd7 57. Bc7 $18) (56... Ne6 57. Ba7 $1 Ke5 58. Bb8+ Kf5 59. Bd6 $18) 57.
Ke2 (57. Bxc5 $2 Nxh4+ 58. Ke2 Nxg2 59. Bxd4 h4 $10) 57... Nxh4 58. g3 $1 f3+ (
58... Ng6 59. Bxc5 Ke5 60. Kf3 fxg3 61. fxg3 h4 62. Kg4 hxg3 63. Kxg3 Nh8 64.
Kg4 Ng6 65. Kg5 Nh8 66. Bxd4+ $1 Kxd4 67. Kf6 $18) 59. Kd2 Ng6 60. Bxc5 Ke5 61.
Kc2 Nh8 (61... h4 62. gxh4 Nxh4 63. Bf8 $1 Kf6 64. Kb3 Nf5 65. Ka4 Ne3 66. c5
$1 Nd1 67. c6 Ke6 68. Kb5 $1 Nxf2 69. Ka6 Nxd3 70. c7 $18) 62. Bf8 $1 Kf6 $1
63. Kb3 Nf7 64. Ka4 Ne5 65. Bc5 $1 Nxd3 66. Bxd4+ Ke6 67. Kb5 $18) 56... Ng6
$10 57. Ke2 Ke6 58. Kd2 (58. Kf3 Kf5 59. Ke2 Ke6 60. Kd2 Kd7 61. Bg5 Ke6) 58...
Kd7 59. Bg5 Ke6 60. Ke1 Kf5 61. Bd8 Ke6 62. Ke2 Kd7 $1 (62... Kf5 $2 63. Bb6 $1
$18 {- 56.Bb6}) 63. Bg5 Ke6 64. Kf3 Kf5 $6 (64... Ke5 $10) 65. Bd8 Ke5 $1 66.
Bc7+ Kf5 67. Ke2 Nxh4 $1 (67... Ke6 68. Kf1 $1) 68. g3 f3+ $1 69. Kd2 Ng6 70.
Bd6 Ne5 71. Bxc5 Nc6 $10 72. Ke1 (72. Kc2 $2 Kg4 73. Kb3 Kh3 74. Ka4 Kg2 75.
Kb5 Kxf2 76. Kxc6 Kxg3 77. Bxd4 h4 $19) 72... Kg4 73. Kf1 h4 74. gxh4 Kxh4 75.
Bd6 Kh3 76. Kg1 Na5 77. Bb4 Nc6 78. Bd6 Na5 79. Kf1 Nc6 80. Bc5 Kh2 81. Bd6+
Kh3 1/2-1/2

[Event "YUG-ch53"]
[Site "Belgrade "]
[Date "1998.03.30"]
[Round "15"]
[White "Knezevic, Bojan"]
[Black "Ivanisevic, Ivan"]
[Result "0-1"]
[WhiteElo "2420"]
[BlackElo "2460"]
[Annotator "ChessBase"]
[PlyCount "78"]
[EventDate "1998.03.14"]
[EventType "tourn"]
[EventRounds "15"]
[EventCountry "YUG"]
[EventCategory "10"]
[SourceTitle "CBM 064"]
[Source "ChessBase"]
[SourceDate "1998.06.02"]
[SourceVersion "1"]
[SourceVersionDate "1998.06.02"]
[SourceQuality "1"]

1. e4 c5 2. Nf3 d6 3. c3 Nf6 4. Bc4 Nc6 5. Qe2 Bg4 6. h3 Bxf3 7. Qxf3 g6 8. d3
(8. O-O Bg7 9. Rd1 O-O 10. Bb3 Nd7 11. d3 b5 12. Be3 b4 13. d4 bxc3 14. bxc3
cxd4 15. cxd4 e5 16. Bd5 exd4 {Rogovski,V-Khmelnitsky,S/Frydek-Mistek opA 1997/
EXT 97/1/2-1/2 (51)}) 8... Bg7 9. Bb3 (9. Be3 O-O 10. Nd2 Ne5 11. Qe2 d5 12.
exd5 Nxd5 13. O-O Rc8 14. Bxd5 Qxd5 15. d4 Nd7 16. c4 {1-0 Keller,D-Ghinda,M/
WchT 1985/MCD-ch (36)}) 9... O-O 10. O-O b5 11. Qe2 a5 12. a4 $6 b4 13. Be3 Ne8
14. Qc2 $2 (14. Rd1 $142) 14... Rc8 15. Nd2 Nd4 16. Qd1 Nxb3 17. Qxb3 Rb8 18.
Qc4 {[%csl Ra4]} Nf6 19. Rac1 Nd7 20. d4 bxc3 21. bxc3 cxd4 22. Bxd4 (22. cxd4
Rb4 23. Qd3 Rxa4 $15) 22... Bxd4 23. Qxd4 (23. cxd4 Rb4 $15) 23... Nc5 24. Rb1
{[%csl Ra4,Rc3,Ye4]} Qd7 25. Rxb8 (25. e5 $6 Ne6 $1 26. Qd5 Nf4 27. Qe4 (27.
Qxa5 Qc6 28. f3 (28. Nf3 Nxh3+ 29. gxh3 Rxb1 30. Rxb1 Qxf3 $17) 28... Ra8 $15)
27... Rxb1 28. Nxb1 dxe5 29. Qxe5 Qxa4 30. Qxe7 Re8 $15) 25... Rxb8 26. Ra1 Rb2
$2 (26... Qc7 $142) 27. e5 (27. Nc4 $1 {[%csl Yb3]} Rb8 (27... Nb3 $4 28. Qd1
$16) 28. Qd5 Qc7 29. e5 $11) 27... Ne6 28. Qd5 Nf4 29. Qa8+ Kg7 30. Nc4 Rb7 31.
Qxa5 (31. Nxa5 Ra7 32. Qc6 Qf5 33. Nb3 d5 $17) 31... Qe6 32. Ne3 dxe5 33. c4 (
33. Rd1) 33... Rb2 34. c5 (34. Rd1 $142 Ne2+ 35. Kh2 Nd4 36. Ng4 f6 37. Qc3 Rc2
38. Qe3 Nf5 $15) 34... Qc6 35. Rf1 $2 (35. Rd1 $142 Re2 36. Rd2 Rxd2 37. Qxd2
Qxa4 $15) 35... Re2 $19 36. Qb5 Qe4 37. Qc4 (37. g3 Rxe3 38. gxf4 Rxh3 $19)
37... Rxe3 $1 38. Qxe4 Rxe4 39. Ra1 Rc4 (39... Rc4 40. a5 Rxc5 41. a6 Rc8 42.
a7 Ra8 $19) 0-1

[Event "Rostock-10 GM Group"]
[Site "Rostock"]
[Date "1984.08.18"]
[Round "8"]
[White "Bernard, Ryszard"]
[Black "Boensch, Uwe"]
[Result "1-0"]
[WhiteElo "2375"]
[BlackElo "2425"]
[Annotator "ChessBase"]
[PlyCount "105"]
[EventDate "1984.08.11"]
[EventType "tourn"]
[EventRounds "9"]
[EventCountry "DDR"]
[EventCategory "8"]
[SourceTitle "MCL"]
[Source "ChessBase"]
[SourceDate "1999.07.01"]
[SourceVersion "1"]
[SourceVersionDate "1999.07.01"]
[SourceQuality "1"]

1. e4 c5 2. Nf3 d6 3. c3 Nf6 4. h3 e6 5. Bd3 b6 6. O-O Bb7 7. Re1 Be7 8. Bc2
O-O 9. d4 cxd4 10. cxd4 d5 11. e5 Ne4 12. Nbd2 Na6 $2 (12... Nxd2) 13. Nxe4
dxe4 14. Bxe4 Bxe4 15. Rxe4 Qd5 16. Re2 Rfc8 17. Be3 b5 18. a3 b4 19. Rc2 bxa3
20. bxa3 Nc7 21. Qd3 Qb7 22. Rac1 Nd5 23. Rxc8+ Rxc8 24. Rxc8+ Qxc8 25. Bd2 h6
26. Qb3 Qc7 27. Ne1 Nb6 28. Nd3 Qc4 29. Qxc4 Nxc4 30. Bb4 Kf8 31. a4 Ke8 32.
Kf1 Bxb4 33. Nxb4 a5 34. Na2 Kd7 35. Ke2 Kc6 36. Nc3 f5 37. exf6 gxf6 38. Kd3
Nb2+ 39. Ke4 Kd6 40. g4 Nc4 41. f4 Nd2+ 42. Kd3 Nf3 43. Ne4+ Ke7 44. Ke3 Ne1
45. Nc5 f5 46. g5 h5 47. Nb3 Ng2+ 48. Kf3 Ne1+ 49. Kg3 Kf7 50. Nxa5 h4+ 51.
Kxh4 Nf3+ 52. Kg3 Nxd4 53. Nc4 1-0

[Event "Bor"]
[Site "Bor"]
[Date "1985.??.??"]
[Round "4"]
[White "Martinovic, Slobodan"]
[Black "Jansa, Vlastimil"]
[Result "1-0"]
[WhiteElo "2430"]
[BlackElo "2475"]
[Annotator "ChessBase"]
[PlyCount "84"]
[EventDate "1985.??.??"]
[EventType "tourn"]
[EventRounds "13"]
[EventCountry "YUG"]
[EventCategory "10"]
[SourceTitle "EXT 1999"]
[Source "ChessBase"]
[SourceDate "1998.11.16"]
[SourceVersion "1"]
[SourceVersionDate "1998.11.16"]
[SourceQuality "1"]

1. e4 c5 2. Nf3 d6 3. c3 Nf6 4. Be2 Nc6 5. d4 cxd4 6. cxd4 Nxe4 (6... d5 7. e5
Ne4 8. Nbd2 Nxd2 9. Bxd2 $14) 7. d5 Qa5+ 8. Nc3 Nxc3 {8...e5} 9. bxc3 Nd8 10.
O-O e5 11. dxe6 Nxe6 12. Nd4 Be7 (12... Nxd4 $6 13. Qxd4 Qe5 14. Re1 $1 Qxd4
15. Bb5+ Kd8 16. Re8+ Kc7 17. cxd4 $18) 13. Bb5+ Kf8 14. Qb3 h5 15. Bc4 Nc5 16.
Qc2 g6 17. Re1 Bf6 18. Bf4 Kg7 19. Bxd6 $16 Bd7 20. Be5 Rae8 21. Bxf6+ Kxf6 22.
Qd2 Qc7 (22... Kg7 23. Qf4 f6 24. Qd6 Qxc3 25. Rec1 Qa5 26. Nb3 $18) 23. Nb5 (
23. Nb3 $1 Nxb3 24. axb3 Kg7 25. Rxe8 Rxe8 26. Rxa7 $18) 23... Bxb5 24. Qd4+
Kf5 $1 (24... Kg5 $2 25. Bxb5 Rxe1+ 26. Rxe1 Rd8 27. Re5+ Kh6 28. Rxc5 Rxd4 29.
Rxc7 Rd1+ 30. Bf1 $18) 25. Bxb5 Rxe1+ $2 $138 (25... Rd8 26. Qh4 $16) 26. Rxe1
Rd8 27. Qh4 $18 Ne6 (27... f6 28. g3 {/\ Bf1-h3+-}) 28. Bd3+ Rxd3 29. Qe4+ Kf6
30. Qxd3 Kg7 31. Qe3 b6 32. Qe5+ Qxe5 33. Rxe5 Kf6 34. Rd5 Nc5 35. Kf1 Ke6 36.
Rd8 Na4 37. Rd3 Nc5 38. Rd4 Ke5 39. f3 b5 40. Ke2 a5 41. Ke3 Na4 42. Rxa4 bxa4
1-0

[Event "Dortmund SuperGM 24th"]
[Site "Dortmund"]
[Date "1996.07.14"]
[Round "9"]
[White "Adams, Michael"]
[Black "Anand, Viswanathan"]
[Result "1/2-1/2"]
[WhiteElo "2685"]
[BlackElo "2735"]
[Annotator "Dolmatov,S"]
[PlyCount "91"]
[EventDate "1996.07.05"]
[EventType "tourn"]
[EventRounds "9"]
[EventCountry "GER"]
[EventCategory "18"]
[SourceTitle "CBM 054"]
[Source "ChessBase"]
[SourceDate "1996.10.01"]
[SourceVersion "1"]
[SourceVersionDate "1996.10.01"]
[SourceQuality "1"]

1. e4 {Ernst} c5 2. Nf3 d6 3. c3 Nf6 4. Be2 g6 (4... Nxe4 $2 {Ernst} 5. Qa4+
$18) (4... Nc6 $5 5. d4 cxd4 6. cxd4 Nxe4 7. d5 Qa5+ 8. Nc3 Nxc3 9. bxc3 Ne5
10. Nxe5 Qxc3+ 11. Bd2 Qxe5 12. O-O $36) 5. O-O Bg7 6. Bb5+ Bd7 7. Bxd7+ Qxd7 (
7... Nbxd7 8. Re1 e5 9. d4 exd4 10. cxd4 O-O 11. Nc3 Re8 12. e5 $14 {Torre,
E-Kudrin,S/Lugano/1988/}) 8. Re1 O-O (8... Nc6 {Ernst} 9. d4 cxd4 10. cxd4 d5 (
10... O-O 11. Nc3 Rac8 12. h3 Rfd8 13. d5 Na5 14. Qd3 a6 15. Rb1 Qc7 16. Be3
Nc4 17. Bd4 Bh6 18. Nh2 Ne5 19. Qd1 b5 20. Nf1 Qc4 21. Ne3 Qd3 22. Bxe5 Qxd1
23. Rbxd1 dxe5 24. Ng4 Nxg4 25. hxg4 {Sepp,O-Rytshagov,M/Vilnius zt ;CBM 35
1993/1/2-1/2 (72)}) 11. e5 Ne4 12. Nbd2 (12. Re2 Rc8 13. Be3 f6 14. Nbd2 O-O
15. Nb3 b6 16. Rc1 fxe5 17. Nxe5 Nxe5 18. dxe5 Bxe5 19. f3 Nf6 20. Bh6 Qd6 21.
g3 Nd7 22. Bxf8 Rxf8 23. Kg2 Bg7 24. Qc2 Ne5 25. Qc7 Qf6 26. f4 Nd3 {Hebden,
M-Conquest,S/Dhaka (03) ;CBM 48 1995/1-0 (44)}) 12... Nxd2 13. Bxd2 O-O 14. Be3
(14. Qe2 Nd8 15. Rec1 Ne6 16. Rc3 Rac8 17. Rac1 Rxc3 18. Rxc3 Qa4 19. Ra3 Qc2
20. Qd3 Qxb2 21. Rxa7 Rc8 22. h3 h6 23. Be3 Nd8 24. Qb3 Qxb3 25. axb3 Rb8 26.
Kf1 Nc6 27. Ra1 e6 28. Ke2 Bf8 {Vajda,S-Bigaliev,R/Budapest FS06 IM (08) ;EXP
52 1996/1/2-1/2 (52)}) (14. Rc1 e6 15. Bg5 h6 16. Be3 Rfc8 17. Qd2 {1/2-1/2
Smagin,S-Vogt,L/Biel op (11) ;EXP 19 1990}) 14... f6 15. exf6 exf6 16. Rc1 Rac8
17. Qd2 g5 18. h3 h6 19. h4 Rfe8 20. hxg5 hxg5 21. Nh2 Qf5 22. f3 Qg6 23. Ng4 {
Kuijf,M-Fedorowicz,J/Amsterdam OHRA-B (01) ;CBM 20 1990/1/2-1/2 (42)}) 9. d4
Na6 (9... cxd4 10. cxd4 d5 11. e5 Ne8 12. Nc3 Nc7 13. Be3 Nc6 14. Qd2 Ne6 $14 {
Kindermann,S-Ernst,Th/Thessaloniki (ol)/1988/} (14... Ne6 {Ernst} 15. Rad1 Rfe8
16. Bh6 Bh8 17. h4 f6 18. Ne2 Rad8 19. Nf4 fxe5 20. Nxe5 Nxe5 21. dxe5 d4 22.
h5 Bg7 23. Bxg7 Kxg7 24. hxg6 Nxf4 25. Qxf4 {Kindermann,S-Ernst,T/Thessaloniki
olm (12) ;TD 88\06 1988/1-0 (41)})) 10. d5 c4 11. Nbd2 (11. e5 $2 dxe5 12. Nxe5
Qxd5 13. Qxd5 Nxd5 14. Nxc4 Rac8 $15) (11. Qe2 $2 Nc5 12. Qxc4 b5 $17) (11. Bg5
Nc5 12. Nbd2 Nd3 $15) 11... Nc5 (11... b5 $2 12. a4 Nc5 13. axb5 Qxb5 14. Nd4
$16) 12. Nxc4 Ncxe4 13. a4 Nc5 14. Ne3 (14. b4 $6 Nxa4 $5 (14... Nce4 15. Bb2
Rac8 16. Qd3 b5) 15. Qxa4 b5 16. Nb6 bxa4 17. Nxd7 Nxd7 18. Rxe7 Nb6 $17) 14...
Qd8 15. Ra3 Nfd7 16. a5 (16. b4 $5 Na6 (16... Ne4 17. Qd3 $14) 17. Bd2 $14)
16... Ne5 $1 17. Nxe5 dxe5 18. b4 Nd7 19. c4 f5 20. Bb2 $6 (20. c5 $5 e4 21. f3
$5 $40 f4 22. Nc4 e3 23. Rd3) 20... b6 21. Qa1 Rc8 22. Qa2 (22. f4 $5 exf4 (
22... bxa5 23. Rxa5 Qb6 $14) 23. Bxg7 Rf7 24. Bh6 fxe3 25. Qd4) 22... Rf7 23.
axb6 axb6 24. Ra7 e4 25. Bxg7 Rxg7 26. Rd1 (26. c5 bxc5 27. d6+ Kh8 28. Qe6
exd6 29. Qxd6) (26. Nc2 $1 $16 {Ernst /\ Nd4-e6}) 26... Rf7 27. h3 $2 (27. c5
bxc5 28. d6) (27. d6 $5 e6 (27... exd6 28. Rxd6 $14) 28. c5 bxc5 29. Qxe6 $40)
27... Ne5 28. Ra1 Qd6 29. Qa6 Rcf8 30. Rb7 f4 31. Rxb6 Qd7 (31... fxe3 32. Rxd6
exf2+ 33. Kf1 exd6 34. c5 $16) 32. Nf1 Qf5 33. Re6 Qg5 (33... f3 34. Ng3) (
33... e3 $6 34. f3 (34. fxe3 $2 f3 $40 (34... fxe3 $17)) 34... Nxf3+ 35. gxf3
Qxh3 36. Nh2 $16) 34. Kh1 f3 35. g3 Qh5 (35... Qf5 36. Kh2 Qh5 37. Ne3) 36. h4
Qf5 37. Kh2 (37. Ne3 Qh3+ 38. Kg1 Ng4 $19) 37... Ng4+ 38. Kg1 Rf6 (38... e3 39.
Rxe3 (39. Nxe3 $4 Nxe3 40. Rxe3 Qh3 $19) 39... Nxe3 40. Nxe3 $44) 39. Rxf6 Rxf6
40. Qa8+ Kg7 41. Qa7 e3 42. Nxe3 Nxe3 43. Qxe7+ Rf7 44. Qxe3 Qh3 45. Qe5+ Kh6
46. Qg5+ 1/2-1/2

[Event "Dubai op 15th"]
[Site "Dubai"]
[Date "2013.04.14"]
[Round "8"]
[White "Kuzubov, Yuriy"]
[Black "Edouard, Romain"]
[Result "1-0"]
[WhiteElo "2619"]
[BlackElo "2670"]
[Annotator "Edouard,R"]
[PlyCount "73"]
[EventDate "2013.04.07"]
[EventType "swiss"]
[EventRounds "9"]
[EventCountry "UAE"]
[SourceTitle "CBM 154"]
[Source "ChessBase"]
[SourceDate "2013.05.15"]
[SourceVersion "1"]
[SourceVersionDate "2013.05.15"]
[SourceQuality "1"]
[WhiteClock "0:41:40"]
[BlackClock "0:19:18"]

1. e4 c5 2. Nf3 d6 3. c3 Nf6 4. h3 g6 5. Bd3 Bg7 6. O-O O-O 7. Bc2 e5 8. d4
cxd4 9. cxd4 Nc6 $5 (9... exd4 10. Nxd4 Nc6 {is supposed to equalise easily.} (
10... d5 $5)) 10. d5 Nb4 11. Bb3 {The automatical move. And now comes the main
point of the move 9...Nc6.} (11. Nc3 Nxc2 12. Qxc2 Ne8 {should give Black a
decent position, hoping for some sort of King's Indian Attack.}) 11... Nxe4 $1
12. Qe1 Nxf2 $1 {A nasty surprise for White.} 13. Qxf2 Nd3 14. Qe3 e4 $1 15.
Qxe4 (15. Bd2 $2 Qb6 $17) (15. Nh2 Nxc1 16. Qxc1 f5 {followed by ...b5, ...Qb6/
f6. Black is just clearly better.}) 15... Nxc1 16. Rxc1 Bxb2 17. Nc3 Bf5 18.
Qe2 Bxa1 19. Rxa1 Qf6 $2 {It took me quite some time to remember the whole
line and now, for some reason, I was sure my queen had to go to f6. But, some
simple moves would have put White in trouble.} (19... Rc8 20. Qd2 Re8 $1 {
(it is important to take the e4-square)} 21. Nd4 Bd7 {followed by ...Qe7 (idea
...Qe3) or ...Re5 and ...Qe7. Black is better.}) 20. Qd2 $1 {The move I
overlooked! I thought 20.Qe3 was necessary due to the hanging h3-pawn.} (20.
Qe3 Rac8 21. Nd4 Rfe8 22. Qd2 Qe5 {followed by ...Bd7 and White is almost lost.
}) 20... Rac8 $2 (20... Rae8 {was necessary, and after} 21. Rf1 Bd7 {Black's
position should still be OK.}) (20... Bxh3 $6 21. Rf1 Bf5 22. Nd4 $36) 21. Nd4
Bd7 $4 {I must say I was so angry with my two last moves that I went
completely crazy and played this horrible move instantly, overlooking that
While is going to dislodge my queen from e5 with Nf3.} (21... Rfe8 22. Rf1 Re5
{would at least keep me in the game, since} 23. g4 $2 {is met by} Qh4 $15) 22.
Ne4 Qe5 (22... Qe7 23. Qf4 $18) 23. Re1 $18 {Not much to say about the last 14
moves of the games: everything in my position falls apart by force :-)} Rce8
24. Nf3 Qg7 25. Nxd6 Rxe1+ 26. Qxe1 Qf6 (26... b5 27. Ne5 $18) 27. Qe5 Kg7 28.
Nxb7 {Actually the most important pawn of the black position: the whole
strategy is based on a future b5+a5 push.} Re8 29. Qxf6+ Kxf6 30. Kf2 Rb8 31.
Nc5 Ke7 32. Nxd7 Kxd7 33. Ne5+ Kc7 34. Nxf7 Rb4 35. Ke3 a5 36. Kd3 a4 37. Bc4
1-0